00862cam a2200265 a 4500001000700000003000400007005001700011008004100028010001700069020001500086025002500101037006000126040001800186042001000204043001200214050002600226082002300252100002700275245009200302260004700394300002700441504005600468651003800524651003400562254011OSt20191218160925.0990520s1998 ii b 000 0 eng  a 99931640  a8120204530 aI-E-99-931640; 79-13 bLibrary of Congress -- New Delhi Field OfficecRs325.00 aDLCcDLCdDLC alcode aa-ii---00aHC435.2b.S54754 199800a338.954221bSIN/I1 aSinha, Birendra Kumar.14aThe Indian economy in the 21st century :ba global perspective /cBirendra Kumar Sinha. aDelhi :bAjanta Book International,c1998. aviii, 252 p. ;c22 cm. aIncludes bibliographical references (p. [244]-252). 0aIndiaxEconomic conditionsy1947- 0aIndiaxEconomic policyy1991-